• 首页
  • 本馆介绍
  • 公告通知
  • 最新文献
  • 馆藏检索
  • 电子资源
  • 读者导购
  • 参考咨询
  • 我的图书馆
  • 登录
  • 详细信息显示
  • 放入我的书架
  • 预约/预借图书
  • 作者相关作品
  • 分类相关作品
  • 丛书相关作品
  • 出版社相关作品

书目信息

  • 表格格式
  • 工作单格式
  • 卡片格式
题名:
有限典型群子空间轨道生成的格
    
 
作者: 万哲先 著
分册:  
出版信息: 北京   科学出版社  1997
页数: 291页
开本: 20cm
丛书名:
单 册:
中图分类: O153.1
科图分类:
主题词: 代数 , 数论 , 组合数学
电子资源:
ISBN: 7-03-005627-2
000 00602nam0 2200205 450
001 0732828906
005 20070903090708.90
010    @a7-03-005627-2@d¥18.50
100    @a20070903d km y0chiy0120 ea
101 0  @achi
200 1  @a有限典型群子空间轨道生成的格@Ayou xian dian xing qun zi kong jian gui dao sheng cheng de ge@f万哲先著@Fwan zhe xian zhu
210    @a北京@c科学出版社@d1997
215    @a291页@d20cm
606 0  @a代数
606 0  @a数论
606 0  @a组合数学
690    @aO153.1@v3
701  0 @a万哲先@Awan zhe xian@4著
801  0 @aCN@bPFT@c20070903
905    @a213230@dO153.1@eS144@f1
    
    有限典型群子空间轨道生成的格/万哲先著.-北京:科学出版社,1997
    291页;20cm
    
    
    ISBN 7-03-005627-2:¥18.50
    
●
相关链接 在E读中查询图书 在五车中查询图书 在当当中查询图书 在豆瓣中查询图书


正题名:有限典型群子空间轨道生成的格     索取号:O153.1/S144         预约/预借

序号 登录号 条形码 馆藏地/架位号 状态 备注
1 6701573   267015730   密集书库-数信学院/ [索取号:O153.1/S144] 在馆    
2 6701574   267015749   密集书库-数信学院/ [索取号:O153.1/S144] 在馆    
3 6701575   267015758   密集书库-数信学院/ [索取号:O153.1/S144] 在馆    
唐山师范学院图书馆 欢迎您!
大连网信软件有限公司© 版权所有